000 00301nam a2200109Ia 4500
008 200302s9999 xx 000 0 und d
100 _aDominique Gauzin-Muller
245 _aSustainable Architecture and Urbanism
260 _bBirkhauser Publishers for Architecture
260 _c2002
300 _a254 P.,
999 _c5874
_d5874